[Event "VII Festival Magistrale"]
[Site "Porto San Giorgio ITA"]
[Date "1995.08.??"]
[Round "1"]
[White "Grande, Pasquale"]
[Black "Drazic, Sinisa"]
[Result "0-1"]
[WhiteElo "2110"]
[BlackElo "2405"]
[PlyCount "88"]
[EventDate "1995.08.21"]

1. d4 c5 2. e4 cxd4 3. c3 d3 4. Bxd3 Nc6 5. Nf3 d6 6. h3 Nf6 7. O-O a6 8. Na3
e6 9. Nc2 Be7 10. Qe2 Qc7 11. Bf4 Ne5 12. Nxe5 dxe5 13. Be3 Bc5 14. Bxc5 Qxc5
15. Ne3 Bd7 16. Rfc1 O-O 17. b4 Qc7 18. c4 Rfd8 19. c5 Bc6 20. Nc2 Ba4 21. Rd1
g6 22. g3 Rd7 23. Bc4 Rad8 24. Rxd7 Qxd7 25. Rc1 h5 26. Kg2 Nxe4 27. Kh2 Bc6
28. Ne3 Ng5 29. h4 Nf3+ 30. Kh3 g5 31. hxg5 Nxg5+ 32. Kh4 Bf3 33. Rd1 Bxe2 34.
Rxd7 Rxd7 35. Bxe2 Ne4 36. Bf3 Nd2 37. Bxh5 Rd4+ 38. Kg5 Kg7 39. f4 Ne4+ 40.
Kg4 Nf6+ 41. Kg5 exf4 42. gxf4 Nxh5 43. Kxh5 Rxb4 44. f5 Re4 0-1

[Event "VII Festival Magistrale"]
[Site "Porto San Giorgio ITA"]
[Date "1995.08.??"]
[Round "1"]
[White "Marinelli, Tullio"]
[Black "Romano, Edgar"]
[Result "1-0"]
[WhiteElo "2440"]
[BlackElo "2120"]
[PlyCount "81"]
[EventDate "1995.08.21"]

1. d4 Nf6 2. c4 g6 3. Nc3 d5 4. Nf3 Bg7 5. Qb3 dxc4 6. Qxc4 O-O 7. e4 Bg4 8.
Be3 Nfd7 9. Qb3 Bxf3 10. gxf3 Nb6 11. Rd1 e6 12. h4 h5 13. Bg5 Bf6 14. Rg1 Nc6
15. d5 Ne5 16. Be2 exd5 17. Nxd5 Nxd5 18. Rxd5 Qe7 19. Bxf6 Qxf6 20. Rxe5 Qxe5
21. Rxg6+ Kh7 22. Rg5 Qf4 23. Rxh5+ Kg6 24. Rg5+ Kh6 25. Qc3 Rg8 26. Rf5 Rg1+
27. Bf1 Qxh4 28. Rxf7 Rd8 29. Rf6+ Rg6 30. Rxg6+ Kxg6 31. Qxc7 Qf6 32. Bc4 Qd4
33. Bd5 Rh8 34. Qf7+ Kh6 35. Qxb7 Kg6 36. Qf7+ Kh6 37. f4 Qb4+ 38. Kf1 Qb5+ 39.
Kg2 Qe2 40. Qf6+ Kh7 41. Qh4+ 1-0

[Event "VII Festival Magistrale"]
[Site "Porto San Giorgio ITA"]
[Date "1995.08.??"]
[Round "1"]
[White "Mrdja, Milan"]
[Black "Miandro, Roberto"]
[Result "1-0"]
[WhiteElo "2450"]
[BlackElo "1804"]
[PlyCount "85"]
[EventDate "1995.08.21"]

1. e4 c5 2. Nf3 d6 3. d4 cxd4 4. Nxd4 Nf6 5. Nc3 a6 6. Be3 e5 7. Nb3 Be6 8. Qd2
Qc7 9. f3 Be7 10. O-O-O Nbd7 11. g4 Nb6 12. g5 Nfd7 13. h4 O-O-O 14. Kb1 Kb8
15. Qf2 Rhf8 16. f4 exf4 17. Bxf4 Ne5 18. Nd4 Bg4 19. Be2 Bxe2 20. Qxe2 g6 21.
Rh3 Rfe8 22. h5 Bf8 23. hxg6 fxg6 24. Qh2 Rd7 25. Nd5 Nxd5 26. exd5 Rf7 27. Ne6
Qc4 28. Rc3 Qe4 29. Re3 Qc4 30. b3 Qb4 31. Rd4 Qb6 32. Qd2 Rxe6 33. dxe6 Rxf4
34. Rxf4 Be7 35. Ree4 Qg1+ 36. Re1 Qc5 37. Rf7 Nc6 38. Rd1 Ka7 39. Rxe7 Nxe7
40. Qxd6 Qxg5 41. Qd4+ Kb8 42. Rg1 Qf5 43. Qd6+ 1-0

[Event "VII Festival Magistrale"]
[Site "Porto San Giorgio ITA"]
[Date "1995.08.??"]
[Round "1"]
[White "Rossi, Giampiero"]
[Black "Naumkin, Igor"]
[Result "1-0"]
[WhiteElo "2135"]
[BlackElo "2455"]
[PlyCount "121"]
[EventDate "1995.08.21"]

1. d4 e6 2. c4 f5 3. g3 Nf6 4. Nc3 Bb4 5. Bd2 O-O 6. Bg2 d6 7. Nf3 Bxc3 8. Bxc3
Ne4 9. Qc2 Qe7 10. O-O a5 11. Ne1 Nxc3 12. Qxc3 e5 13. dxe5 dxe5 14. Nd3 Nd7
15. e3 c6 16. f4 e4 17. Nf2 Nc5 18. b3 Be6 19. Rfd1 Bf7 20. Rd2 Bh5 21. Re1 b6
22. Bf1 Rad8 23. Be2 Rxd2 24. Qxd2 Rd8 25. Qc2 Bxe2 26. Qxe2 a4 27. Qc2 h6 28.
Rd1 axb3 29. Rxd8+ Qxd8 30. axb3 Qf6 31. b4 Nb7 32. Qa4 Kh7 33. Qa6 Nd6 34.
Qxb6 Nxc4 35. Qc5 Nd2 36. Kg2 Kg8 37. Qc2 Qd6 38. Qa2+ Kf8 39. Qa8+ Ke7 40.
Qa7+ Kf6 41. Qa1+ Kg6 42. Qa6 Qd5 43. g4 fxg4 44. Nxg4 Nf3 45. Nf2 Nh4+ 46. Kf1
Nf5 47. Ke2 Nd6 48. Qa3 Qc4+ 49. Ke1 Qc2 50. Nd1 Qxh2 51. Qc3 Qh4+ 52. Kd2 Qf6
53. Qxc6 h5 54. b5 h4 55. b6 Kh7 56. Nc3 h3 57. b7 Qd8 58. Ke2 g6 59. Nxe4 Nxe4
60. Qxe4 Qc7 61. Kf2 1-0

[Event "VII Festival Magistrale"]
[Site "Porto San Giorgio ITA"]
[Date "1995.08.??"]
[Round "1"]
[White "Zlochevskij, Alexander"]
[Black "Farina, Saverio"]
[Result "1-0"]
[WhiteElo "2465"]
[BlackElo "2135"]
[PlyCount "81"]
[EventDate "1995.08.21"]

1. d4 d5 2. c4 e6 3. Nf3 c5 4. cxd5 exd5 5. Bg5 Be7 6. Bxe7 Qxe7 7. e3 Nc6 8.
Nc3 Nf6 9. Be2 O-O 10. O-O Bg4 11. dxc5 Qxc5 12. Rc1 Qa5 13. Qa4 Qxa4 14. Nxa4
Rfe8 15. Rfd1 Rac8 16. h3 Bxf3 17. Bxf3 Ne5 18. Be2 Nc6 19. Nc5 b6 20. Nb3 Ne7
21. Ba6 Rc6 22. Nd4 Rc5 23. b4 Rxc1 24. Rxc1 Rd8 25. Nb5 g6 26. Rc7 Nf5 27.
Nxa7 d4 28. Bc4 Nd5 29. Nc6 Nxc7 30. Nxd8 dxe3 31. Nxf7 e2 32. Ne5+ Kg7 33.
Bxe2 Nd5 34. a3 Nd4 35. Bc4 Nc3 36. Bd3 Ncb5 37. Bxb5 Nxb5 38. a4 Nc3 39. a5
bxa5 40. bxa5 Kf6 41. a6 1-0

[Event "VII Festival Magistrale"]
[Site "Porto San Giorgio ITA"]
[Date "1995.08.??"]
[Round "2"]
[White "Astengo, Marcello"]
[Black "Borgo, Giulio"]
[Result "0-1"]
[WhiteElo "2110"]
[BlackElo "2345"]
[PlyCount "80"]
[EventDate "1995.08.21"]

1. d4 Nf6 2. c4 c5 3. d5 b5 4. cxb5 a6 5. bxa6 g6 6. Nc3 Bxa6 7. g3 d6 8. Bg2
Bg7 9. Nh3 Nbd7 10. O-O O-O 11. Qc2 Qa5 12. Ng5 Nb6 13. h3 Rfb8 14. f4 Nc4 15.
Kh2 Ra7 16. b3 Qxc3 17. Qxc3 Ng4+ 18. hxg4 Bxc3 19. Rb1 Bc8 20. Be4 Na3 21.
Bxa3 Rxa3 22. Rbc1 Bg7 23. Bb1 Bxg4 24. e4 Rb4 25. e5 h6 26. exd6 exd6 27. Ne4
Rd4 28. Nxd6 Rxd5 29. Nc4 Ra7 30. Ne3 Rd2+ 31. Kh1 Bh3 32. Rfe1 Bd4 33. Nf1
Bg2+ 34. Kh2 Bxf1+ 35. Kh1 Bg2+ 36. Kh2 Be4+ 37. Kh3 Bxb1 38. Rxb1 Raxa2 39.
Kg4 f5+ 40. Kf3 Rf2# 0-1

[Event "VII Festival Magistrale"]
[Site "Porto San Giorgio ITA"]
[Date "1995.08.??"]
[Round "2"]
[White "Cristiani, Cesare"]
[Black "Braghetta, Sergio"]
[Result "1/2-1/2"]
[WhiteElo "2020"]
[BlackElo "1930"]
[PlyCount "95"]
[EventDate "1995.08.21"]

1. d4 d5 2. Nf3 Nf6 3. c4 c6 4. cxd5 cxd5 5. Nc3 Nc6 6. Bf4 Ne4 7. e3 Nxc3 8.
bxc3 g6 9. Ne5 Bg7 10. Qa4 O-O 11. Nxc6 bxc6 12. Qxc6 Qa5 13. Bd3 e5 14. Bxe5
Bxe5 15. dxe5 Bb7 16. Qxb7 Qxc3+ 17. Ke2 Rab8 18. Qxd5 Rfd8 19. Qc4 Rb2+ 20.
Kf3 Qxe5 21. g3 Rxd3 22. Qxd3 Qf6+ 23. Kg2 Qxf2+ 24. Kh3 Qg2+ 25. Kh4 Rb4+ 26.
Qd4 Qf3 27. Kh3 Qh5+ 28. Kg2 Qe2+ 29. Kh3 Qh5+ 30. Kg2 Rxd4 31. exd4 Qe2+ 32.
Kh3 Qe6+ 33. Kg2 Qd5+ 34. Kh3 Qf5+ 35. Kg2 Qe4+ 36. Kh3 Qxd4 37. Rhd1 Qf2 38.
Rf1 Qe2 39. Rfb1 Qd2 40. Rd1 Qc2 41. Rdc1 Qe4 42. Re1 Qf5+ 43. Kg2 h5 44. h4
Qc2+ 45. Kg1 Kg7 46. Rf1 Qd3 47. Kg2 a5 48. Rf2 1/2-1/2

[Event "VII Festival Magistrale"]
[Site "Porto San Giorgio ITA"]
[Date "1995.08.??"]
[Round "2"]
[White "D'Angelo, Angelo"]
[Black "Zlochevskij, Alexander"]
[Result "0-1"]
[WhiteElo "2255"]
[BlackElo "2465"]
[PlyCount "79"]
[EventDate "1995.08.21"]

1. e4 e6 2. d4 d5 3. Nc3 Nf6 4. e5 Nfd7 5. f4 c5 6. Nf3 Nc6 7. Be3 a6 8. Qd2 b5
9. dxc5 Bxc5 10. Bxc5 Nxc5 11. Qf2 Qb6 12. Bd3 b4 13. Ne2 a5 14. O-O Ba6 15.
Kh1 Na4 16. Qg3 g6 17. b3 Nc5 18. Qf2 Rb8 19. Bxa6 Nxa6 20. Qh4 Nc5 21. Ng5 Qd8
22. Qh6 Qe7 23. a3 Qf8 24. Qh4 h6 25. Nf3 Qe7 26. axb4 Qxh4 27. Nxh4 Rxb4 28.
g3 O-O 29. Nf3 Rc8 30. Rfd1 a4 31. bxa4 Nxa4 32. c3 Rb2 33. Rxa4 Rxe2 34. Nd4
Nxd4 35. Raxd4 Rxc3 36. R4d2 Re4 37. Kg2 Kg7 38. Ra1 Rb4 39. Ra7 Rcb3 40. Kh3
0-1

[Event "VII Festival Magistrale"]
[Site "Porto San Giorgio ITA"]
[Date "1995.08.??"]
[Round "2"]
[White "Guido, Flavio"]
[Black "Di Lazzaro, Gabriele"]
[Result "1-0"]
[WhiteElo "2300"]
[BlackElo "2115"]
[PlyCount "55"]
[EventDate "1995.08.21"]

1. e4 g6 2. d4 Bg7 3. Nc3 c6 4. Nf3 d6 5. Be3 Nd7 6. Qd2 b5 7. Bd3 a6 8. a4 b4
9. Ne2 a5 10. O-O Bb7 11. c3 c5 12. dxc5 dxc5 13. Bb5 Rc8 14. cxb4 axb4 15.
Rfd1 Bc6 16. Bxc6 Rxc6 17. e5 Qc7 18. Bf4 e6 19. Ng3 Ne7 20. Bh6 Bxh6 21. Qxh6
Nxe5 22. Ng5 f6 23. Nxh7 Rxh7 24. Qxh7 Nd5 25. Qg8+ Ke7 26. h4 Qc8 27. Qg7+ Kd6
28. Ne4# 1-0

[Event "VII Festival Magistrale"]
[Site "Porto San Giorgio ITA"]
[Date "1995.08.??"]
[Round "2"]
[White "Lagumina, Giulio"]
[Black "Altini, Daniele"]
[Result "0-1"]
[WhiteElo "2260"]
[BlackElo "2265"]
[PlyCount "70"]
[EventDate "1995.08.21"]

1. e4 c5 2. Nf3 e6 3. d4 cxd4 4. Nxd4 Nc6 5. Nb5 d6 6. c4 Nf6 7. N1c3 a6 8. Na3
Be7 9. Be2 O-O 10. O-O Ne5 11. Be3 b6 12. f4 Ned7 13. Bf3 Bb7 14. Qe2 Qc7 15.
Rac1 Rac8 16. Rfd1 Qb8 17. g4 Nc5 18. Qg2 Qa8 19. b4 Ncd7 20. g5 Ne8 21. Qh3 a5
22. bxa5 Qxa5 23. Ncb5 Qa8 24. Qg2 d5 25. Qb2 f6 26. exd5 fxg5 27. dxe6 Nc5 28.
Bd5 gxf4 29. Bd4 Bxd5 30. cxd5 Qxd5 31. Na7 Ra8 32. Qxb6 f3 33. Bf2 Qg5+ 34.
Bg3 Ne4 35. Nc6 Bxa3 0-1

[Event "VII Festival Magistrale"]
[Site "Porto San Giorgio ITA"]
[Date "1995.08.??"]
[Round "2"]
[White "Negrini, Claudio"]
[Black "Jenssen, Jens"]
[Result "1-0"]
[WhiteElo "2315"]
[BlackElo "2170"]
[PlyCount "71"]
[EventDate "1995.08.21"]

1. e4 e6 2. d4 b6 3. c4 Bb7 4. Nc3 g6 5. Be3 Bg7 6. Qd2 h6 7. h4 d6 8. Bd3 Nd7
9. Nge2 Ne7 10. Bc2 a6 11. f3 Qc8 12. Ba4 Rb8 13. h5 g5 14. f4 gxf4 15. Nxf4
Bc6 16. Bc2 Nf6 17. d5 exd5 18. exd5 Bd7 19. O-O-O Ng4 20. Bd4 Bxd4 21. Qxd4
Rg8 22. Rhe1 Bf5 23. Ba4+ Kd8 24. Rd2 Bd7 25. Bc2 Nf5 26. Qg1 Ne5 27. Qf1 Ng3
28. Ne6+ Ke7 29. Qf4 fxe6 30. Rxe5 dxe5 31. Qxe5 Rg5 32. d6+ cxd6 33. Nd5+ Ke8
34. Qh8+ Kf7 35. Qf6+ Kg8 36. Ne7# 1-0

[Event "VII Festival Magistrale"]
[Site "Porto San Giorgio ITA"]
[Date "1995.08.??"]
[Round "2"]
[White "Niederstaetter, Harald"]
[Black "Temi, Walter"]
[Result "0-1"]
[WhiteElo "1911"]
[BlackElo "2165"]
[PlyCount "32"]
[EventDate "1995.08.21"]

1. Nf3 Nf6 2. c4 g6 3. Nc3 d5 4. cxd5 Nxd5 5. g3 Bg7 6. Bg2 O-O 7. O-O c5 8.
Qb3 Nb6 9. d3 Nc6 10. Ne4 Be6 11. Qc2 c4 12. dxc4 Bxc4 13. Rd1 Nb4 14. Rxd8
Nxc2 15. Rxa8 Rxa8 16. b3 Bd5 0-1

[Event "VII Festival Magistrale"]
[Site "Porto San Giorgio ITA"]
[Date "1995.08.??"]
[Round "2"]
[White "Pepe, Mario"]
[Black "Grande, Pasquale"]
[Result "0-1"]
[WhiteElo "1944"]
[BlackElo "2110"]
[PlyCount "52"]
[EventDate "1995.08.21"]

1. e4 e5 2. Nf3 Nc6 3. d4 exd4 4. Nxd4 Nf6 5. Nxc6 bxc6 6. Bd3 d5 7. e5 Ng4 8.
Bf4 Bc5 9. O-O f6 10. h3 fxe5 11. Bg3 Nf6 12. Bxe5 O-O 13. Nd2 Rb8 14. b3 Qe7
15. Bg3 Be6 16. Re1 Qd7 17. Nf3 Rb6 18. c3 a5 19. Qc2 g6 20. Be5 Bxh3 21. Ng5
Bxg2 22. Bxg6 Be4 23. Bxe4 Nxe4 24. Nxe4 dxe4 25. Bd4 Qg4+ 26. Kh2 Rf5 0-1

[Event "VII Festival Magistrale"]
[Site "Porto San Giorgio ITA"]
[Date "1995.08.??"]
[Round "2"]
[White "Piantoni, Roberto"]
[Black "Naumkin, Igor"]
[Result "0-1"]
[WhiteElo "2150"]
[BlackElo "2455"]
[PlyCount "56"]
[EventDate "1995.08.21"]

1. d4 e6 2. Nf3 f5 3. e3 Nf6 4. Bd3 d5 5. O-O Bd6 6. Nc3 O-O 7. Ne2 b6 8. b3 c5
9. Bb2 Nc6 10. c4 Nb4 11. Bb1 dxc4 12. bxc4 Ba6 13. a3 Nc6 14. Ba2 Qe7 15. Qa4
Bb7 16. Ng3 Ng4 17. Qc2 f4 18. exf4 Rxf4 19. d5 Nd4 20. Nxd4 cxd4 21. Qd3 Qh4
22. h3 Nxf2 23. Rxf2 Rxf2 24. Kxf2 Bxg3+ 25. Ke2 exd5 26. Qxd4 Re8+ 27. Kd3 Qe7
28. Kc2 Qe2+ 0-1

[Event "VII Festival Magistrale"]
[Site "Porto San Giorgio ITA"]
[Date "1995.08.??"]
[Round "2"]
[White "Quimi, Marco"]
[Black "Marinelli, Tullio"]
[Result "0-1"]
[WhiteElo "2215"]
[BlackElo "2440"]
[PlyCount "82"]
[EventDate "1995.08.21"]

1. e4 c5 2. Nf3 d6 3. d4 cxd4 4. Qxd4 Bd7 5. Be3 Nf6 6. Nc3 Nc6 7. Qd2 e6 8.
O-O-O Be7 9. Bf4 e5 10. Bg5 Be6 11. Bxf6 gxf6 12. Nd5 Rc8 13. Kb1 f5 14. Nxe7
Qxe7 15. Qxd6 fxe4 16. Qxe7+ Kxe7 17. Ng5 Bf5 18. c3 h6 19. Nh3 e3+ 20. Kc1
Bxh3 21. gxh3 exf2 22. Bg2 Rhg8 23. Be4 Rg5 24. Rhf1 f5 25. Bd5 Rg1 26. Rxg1
fxg1=Q 27. Rxg1 Kf6 28. Rf1 Rc7 29. h4 Ne7 30. Be4 b6 31. Kd2 Rc4 32. Bd3 Rxh4
33. Rf2 e4 34. Bf1 Rg4 35. c4 Ke5 36. Kc3 Rg1 37. Bh3 Rd1 38. Bf1 f4 39. Bg2
Nc6 40. Rd2 Rxd2 41. Kxd2 Kd4 0-1

[Event "VII Festival Magistrale"]
[Site "Porto San Giorgio ITA"]
[Date "1995.08.??"]
[Round "2"]
[White "Sax, Gyula"]
[Black "Bruno, Fabio"]
[Result "0-1"]
[WhiteElo "2550"]
[BlackElo "2245"]
[PlyCount "78"]
[EventDate "1995.08.21"]

1. e4 c5 2. Nf3 Nc6 3. d4 cxd4 4. Nxd4 Qb6 5. Nb3 Nf6 6. Nc3 e6 7. Bd3 Be7 8.
O-O d6 9. Kh1 Qc7 10. f4 a6 11. Qf3 b6 12. e5 Nd7 13. exd6 Bxd6 14. Nd4 Ndb8
15. Be3 Bb7 16. Qh3 Nxd4 17. Bxd4 Nd7 18. Be4 Nf6 19. Bxf6 gxf6 20. f5 e5 21.
Qh4 Be7 22. Rad1 Rc8 23. Rf3 Qc4 24. Rfd3 h5 25. Rd7 Bxe4 26. Nxe4 Qc6 27. R7d3
Kf8 28. Rc3 Qb7 29. Rxc8+ Qxc8 30. Qf2 Qc6 31. Qe2 Rg8 32. h3 b5 33. Rd3 Qc4
34. b3 Qc8 35. c4 bxc4 36. bxc4 Qxf5 37. c5 Qe6 38. Nd6 h4 39. Rd2 Rg3 0-1

[Event "VII Festival Magistrale"]
[Site "Porto San Giorgio ITA"]
[Date "1995.08.??"]
[Round "2"]
[White "Sedina, Elena"]
[Black "Ubezio, Marco"]
[Result "1-0"]
[WhiteElo "2350"]
[BlackElo "2185"]
[PlyCount "37"]
[EventDate "1995.08.21"]

1. e4 c5 2. Nf3 a6 3. c3 g6 4. d4 cxd4 5. Qxd4 Nf6 6. e5 Nc6 7. Qh4 Nd5 8. Bc4
Nb6 9. Bb3 Bg7 10. Bh6 O-O 11. Ng5 Nxe5 12. Bxg7 Kxg7 13. Qxh7+ Kf6 14. Ne4+
Kf5 15. Qh3+ Kxe4 16. Nd2+ Kf4 17. g3+ Kg5 18. Qh4+ Kf5 19. Qf4# 1-0

[Event "VII Festival Magistrale"]
[Site "Porto San Giorgio ITA"]
[Date "1995.08.??"]
[Round "3"]
[White "Bissanti, Carlo"]
[Black "Astengo, Marcello"]
[Result "0-1"]
[WhiteElo "1956"]
[BlackElo "2110"]
[PlyCount "62"]
[EventDate "1995.08.21"]

1. e4 e6 2. f4 d5 3. e5 c5 4. Nf3 Nc6 5. d4 Qb6 6. c3 Bd7 7. b3 Rc8 8. Be3 Nh6
9. Bd3 Be7 10. O-O O-O 11. Bxh7+ Kxh7 12. Ng5+ Kg8 13. Qh5 cxd4 14. cxd4 Nxd4
15. Nd2 Rc3 16. Bf2 Bb5 17. Rfe1 Bc5 18. Bxd4 Bxd4+ 19. Kh1 Rc2 20. Rad1 Bf2
21. f5 Bxe1 22. fxe6 fxe6 23. Qg6 Rf5 24. Qh7+ Kf8 25. Qh8+ Ng8 26. Ndf3 Rxg2
27. Rc1 Bd7 28. Qh3 Rfxg5 29. Rxe1 Qf2 30. Qh4 Rxh2+ 31. Qxh2 Qxf3+ 0-1

[Event "VII Festival Magistrale"]
[Site "Porto San Giorgio ITA"]
[Date "1995.08.??"]
[Round "3"]
[White "Borgo, Giulio"]
[Black "Mascellani, Marco"]
[Result "1-0"]
[WhiteElo "2345"]
[BlackElo "1881"]
[PlyCount "63"]
[EventDate "1995.08.21"]

1. e4 c5 2. Nf3 e6 3. c4 Nc6 4. Nc3 Nf6 5. Be2 Be7 6. O-O O-O 7. d4 cxd4 8.
Nxd4 d5 9. exd5 exd5 10. Nxc6 bxc6 11. cxd5 Nxd5 12. Nxd5 cxd5 13. Be3 Bf6 14.
Bd4 Be6 15. Rc1 Bxd4 16. Qxd4 Qb6 17. Rc5 a5 18. Bb5 a4 19. Rfc1 a3 20. b4 Rfd8
21. h4 g6 22. h5 gxh5 23. Qf6 Rd6 24. Qg5+ Kh8 25. Qf6+ Kg8 26. Qg5+ Kh8 27.
Qe5+ Kg8 28. Qxh5 Rf8 29. R1c3 f5 30. Rg3+ Kh8 31. Qh6 Rf7 32. Qxe6 1-0

[Event "VII Festival Magistrale"]
[Site "Porto San Giorgio ITA"]
[Date "1995.08.??"]
[Round "3"]
[White "Campanile, Antonio"]
[Black "Bruno, Fabio"]
[Result "0-1"]
[WhiteElo "2255"]
[BlackElo "2245"]
[PlyCount "80"]
[EventDate "1995.08.21"]

1. c4 b6 2. d4 e6 3. Nf3 Nf6 4. g3 Ba6 5. Qa4 Be7 6. Bg2 O-O 7. Nc3 c6 8. Bf4
Qc8 9. Rc1 Qb7 10. Nd2 d5 11. b4 b5 12. cxb5 cxb5 13. Qb3 Nc6 14. a3 Nxd4 15.
Qb2 Rac8 16. e4 dxe4 17. Ndxe4 Nxe4 18. Nxe4 Rxc1+ 19. Bxc1 Rd8 20. O-O Qd7 21.
Be3 e5 22. Rc1 Bb7 23. Bxd4 exd4 24. Nc5 Bxc5 25. bxc5 Bxg2 26. Kxg2 Qc6+ 27.
Kg1 g6 28. Qb4 h5 29. h4 Rd5 30. Rd1 a5 31. Qxa5 Qxc5 32. Qa8+ Kg7 33. Re1 d3
34. Re8 d2 35. Rg8+ Kf6 36. Rxg6+ fxg6 37. Qh8+ Kf5 38. g4+ Kxg4 39. Kg2 d1=Q
40. Qf6 Rf5 0-1

[Event "VII Festival Magistrale"]
[Site "Porto San Giorgio ITA"]
[Date "1995.08.??"]
[Round "3"]
[White "Godena, Michele"]
[Black "Ruzzier, Dario"]
[Result "1-0"]
[WhiteElo "2420"]
[BlackElo "1895"]
[PlyCount "43"]
[EventDate "1995.08.21"]

1. e4 e5 2. Nf3 Nc6 3. Bb5 a6 4. Ba4 Nf6 5. O-O Nxe4 6. d4 b5 7. Bb3 d5 8. dxe5
Be6 9. Nbd2 Nc5 10. c3 d4 11. Bxe6 Nxe6 12. cxd4 Ncxd4 13. a4 Be7 14. Nxd4 Nxd4
15. Nb3 c5 16. Nxd4 cxd4 17. axb5 O-O 18. bxa6 Qb6 19. Qd3 Ra7 20. Rd1 Bc5 21.
Bd2 Rd8 22. Ba5 1-0

[Event "VII Festival Magistrale"]
[Site "Porto San Giorgio ITA"]
[Date "1995.08.??"]
[Round "3"]
[White "Mrdja, Milan"]
[Black "Luciani, Valerio"]
[Result "1-0"]
[WhiteElo "2450"]
[BlackElo "2175"]
[PlyCount "29"]
[EventDate "1995.08.21"]

1. e4 e6 2. d4 d5 3. Nc3 Bb4 4. e5 c5 5. Qg4 Ne7 6. dxc5 Bxc3+ 7. bxc3 Qc7 8.
Qxg7 Rg8 9. Qxh7 Qxe5+ 10. Ne2 Nbc6 11. Qd3 Qc7 12. Nd4 a6 13. f4 Bd7 14. Rb1
O-O-O 15. Qxa6 1-0

[Event "VII Festival Magistrale"]
[Site "Porto San Giorgio ITA"]
[Date "1995.08.??"]
[Round "3"]
[White "Naumkin, Igor"]
[Black "Prelati, Maurizio"]
[Result "1-0"]
[WhiteElo "2455"]
[BlackElo "2170"]
[PlyCount "75"]
[EventDate "1995.08.21"]

1. d4 Nf6 2. c4 g6 3. Nc3 Bg7 4. e4 d6 5. Nf3 O-O 6. Be2 e5 7. d5 a5 8. Bg5 h6
9. Bh4 Na6 10. Nd2 Bd7 11. O-O Nc5 12. b3 Qc8 13. a3 g5 14. Bg3 Bg4 15. f3 Bd7
16. b4 axb4 17. axb4 Rxa1 18. Qxa1 Na6 19. Qa3 c5 20. dxc6 Qxc6 21. Bf2 Qc7 22.
Rd1 Rc8 23. Nf1 Bf8 24. Ne3 Be6 25. h4 d5 26. Ncxd5 Bxd5 27. cxd5 Nxb4 28. Qb2
Qc3 29. Qxc3 Rxc3 30. Nf5 g4 31. d6 gxf3 32. gxf3 Rc8 33. Rb1 Nc6 34. Rxb7 Rd8
35. Ne7+ Bxe7 36. dxe7 Rb8 37. Rxb8+ Nxb8 38. Bb5 1-0

[Event "VII Festival Magistrale"]
[Site "Porto San Giorgio ITA"]
[Date "1995.08.??"]
[Round "3"]
[White "Temi, Walter"]
[Black "Sebastianelli, Diego"]
[Result "0-1"]
[WhiteElo "2165"]
[BlackElo "2360"]
[PlyCount "90"]
[EventDate "1995.08.21"]

1. e4 c5 2. Nf3 e6 3. c3 d5 4. e5 Nc6 5. d4 Bd7 6. Bd3 cxd4 7. cxd4 Qb6 8. O-O
Nxd4 9. Nxd4 Qxd4 10. Nc3 Qb6 11. a4 Ne7 12. a5 Qd8 13. a6 bxa6 14. Bg5 Qb8 15.
Qe2 Ng6 16. Bxa6 Bc5 17. Rae1 O-O 18. Kh1 Bd4 19. Bd3 Qxe5 20. Bxg6 Bxc3 21.
Bxh7+ Kxh7 22. Qh5+ Kg8 23. Rxe5 Bxe5 24. Be7 Rfe8 25. Qxe5 Rxe7 26. Qd6 Rae8
27. Qc5 a6 28. Qd6 Bb5 29. Rc1 Rd7 30. Qb4 d4 31. Rd1 d3 32. Kg1 Red8 33. Rd2
Rc8 34. f3 Rc2 35. Kf2 Rdc7 36. Ke3 Rxd2 37. Qxd2 Rc2 38. Qa5 Re2+ 39. Kf4 f6
40. Qd8+ Kh7 41. g4 Rxh2 42. b3 Rg2 43. Qd6 d2 44. Ke3 e5 45. f4 Rg3+ 0-1

[Event "VII Festival Magistrale"]
[Site "Porto San Giorgio ITA"]
[Date "1995.08.??"]
[Round "3"]
[White "Vivo, Mario"]
[Black "Sax, Gyula"]
[Result "0-1"]
[WhiteElo "2125"]
[BlackElo "2550"]
[PlyCount "58"]
[EventDate "1995.08.21"]

1. c4 Nf6 2. Nc3 e5 3. Nf3 Nc6 4. g3 Bb4 5. Bg2 O-O 6. O-O e4 7. Ng5 Bxc3 8.
bxc3 Re8 9. f3 exf3 10. Nxf3 d5 11. d4 Ne4 12. Qc2 dxc4 13. Rb1 h6 14. Nh4 Qe7
15. Nf5 Bxf5 16. Rxf5 Rab8 17. Rf4 Nf6 18. Bxc6 bxc6 19. Rxb8 Rxb8 20. Kg2 Re8
21. e3 Qe6 22. h3 Qd5+ 23. Kh2 Ne4 24. g4 c5 25. Ba3 cxd4 26. cxd4 Ng5 27. Bc1
Nf3+ 28. Kg3 Ne1 29. Qc3 Qg2+ 0-1

[Event "VII Festival Magistrale"]
[Site "Porto San Giorgio ITA"]
[Date "1995.08.??"]
[Round "4"]
[White "Naumkin, Igor"]
[Black "Di Donna, Massimo"]
[Result "1-0"]
[WhiteElo "2455"]
[BlackElo "2230"]
[PlyCount "77"]
[EventDate "1995.08.21"]

1. d4 d5 2. c4 c6 3. Nc3 dxc4 4. e3 e5 5. Bxc4 exd4 6. exd4 Nf6 7. Nf3 Be7 8.
O-O O-O 9. h3 Nbd7 10. Bb3 Nb6 11. Ne5 Nbd5 12. Bg5 Be6 13. Re1 Nc7 14. Bc2
Nfd5 15. Bxe7 Qxe7 16. Ne4 f6 17. Nf3 Qf7 18. Nd6 Qh5 19. Re4 g5 20. Bb3 Rab8
21. Qe2 Bf7 22. Nxf7 Rxf7 23. Re1 Kg7 24. Bxd5 Nxd5 25. Nxg5 Qxe2 26. Ne6+ Kh8
27. R1xe2 Rg8 28. g3 f5 29. Re5 f4 30. g4 Nb4 31. a3 Nd3 32. R5e4 h5 33. f3
hxg4 34. hxg4 Rg6 35. Rd2 Nc1 36. Nxf4 Rgf6 37. Re8+ Kh7 38. Ne6 Rd7 39. Nf8+
1-0

[Event "VII Festival Magistrale"]
[Site "Porto San Giorgio ITA"]
[Date "1995.08.??"]
[Round "4"]
[White "Negrini, Claudio"]
[Black "Mrdja, Milan"]
[Result "0-1"]
[WhiteElo "2315"]
[BlackElo "2450"]
[PlyCount "72"]
[EventDate "1995.08.21"]

1. e4 c5 2. Nf3 d6 3. c4 Nf6 4. Nc3 Bg4 5. Be2 Nc6 6. d3 g6 7. Be3 Bg7 8. O-O
Bxf3 9. Bxf3 Nd7 10. Qd2 O-O 11. Bg4 a6 12. Bxd7 Qxd7 13. a4 Nd4 14. Bxd4 Bxd4
15. Nd5 Rae8 16. Kh1 e6 17. Nc3 b6 18. Ne2 Bg7 19. d4 cxd4 20. Nxd4 Rc8 21. Qd3
Rfd8 22. Rfd1 Qc7 23. b3 d5 24. cxd5 exd5 25. e5 Qxe5 26. Qxa6 Qf4 27. Qxb6 Be5
28. Nf3 Bxa1 29. Rxa1 Rc1+ 30. Rxc1 Qxc1+ 31. Ng1 Re8 32. f3 Qf1 33. h3 Re2 34.
Qb8+ Kg7 35. Qh2 d4 36. h4 h5 0-1

[Event "VII Festival Magistrale"]
[Site "Porto San Giorgio ITA"]
[Date "1995.08.??"]
[Round "4"]
[White "Quimi, Marco"]
[Black "Grande, Pasquale"]
[Result "1-0"]
[WhiteElo "2215"]
[BlackElo "2110"]
[PlyCount "57"]
[EventDate "1995.08.21"]

1. e4 e5 2. Nf3 Nc6 3. Bb5 f5 4. Nc3 Nd4 5. Nxe5 Nf6 6. O-O Nxb5 7. Nxb5 fxe4
8. Ng4 Be7 9. Nxf6+ Bxf6 10. d3 a6 11. Nc3 exd3 12. Re1+ Kf8 13. Qxd3 d6 14.
Nd5 Bd7 15. Bd2 c6 16. Nxf6 Qxf6 17. Bb4 Bf5 18. Bxd6+ Kf7 19. Qb3+ Kg6 20. Be7
Qd4 21. Rad1 Qg4 22. Rd6+ Kh5 23. h3 Qf4 24. Qf7+ g6 25. g4+ Kh6 26. gxf5 Rag8
27. Ree6 Kh5 28. Rxg6 hxg6 29. Rxg6 1-0

[Event "VII Festival Magistrale"]
[Site "Porto San Giorgio ITA"]
[Date "1995.08.??"]
[Round "4"]
[White "Ruzzier, Dario"]
[Black "Ceresoli, Luigi"]
[Result "0-1"]
[WhiteElo "1895"]
[BlackElo "2103"]
[PlyCount "90"]
[EventDate "1995.08.21"]

1. d4 Nf6 2. c4 e6 3. Nc3 Bb4 4. e3 O-O 5. Bd3 d5 6. Nf3 c5 7. O-O Nc6 8. a3
Bxc3 9. bxc3 dxc4 10. Bxc4 Qc7 11. Bd3 e5 12. Qc2 Bg4 13. Nxe5 Nxe5 14. dxe5
Qxe5 15. Rb1 b6 16. c4 Rad8 17. Bb2 Qd6 18. Bf5 Qd2 19. Rfc1 Qxc2 20. Bxc2 Be6
21. f3 Ne8 22. a4 h6 23. Be4 f5 24. Bc6 Rd3 25. Rd1 Rxe3 26. Kf2 f4 27. g3 Bxc4
28. gxf4 Re2+ 29. Kg3 Ba2 30. Bd5+ Bxd5 31. Rxd5 Nf6 32. Rd6 Nh5+ 33. Kg4 Rxh2
34. Be5 Nf6+ 35. Kg3 Ra2 36. Rg1 Rxa4 37. Kh4 Kh7 38. Rd7 Rxf4+ 39. Kh3 Rxf3+
40. Kh4 Rf4+ 41. Kh3 Rf3+ 42. Kh4 Rg8 43. Rxa7 Rf5 44. Bxf6 Rxf6 45. Kh5 Rc6
0-1